Meridian Plus 2 Workbook

Salvato in:
Dettagli Bibliografici
Autore principale: Elsworth, Steve
Natura: Libro
Lingua:inglese
Pubblicazione: Harlow Longman 1990
Edizione:1. ed.
Soggetti:
Tags: Aggiungi Tag
Nessun Tag, puoi essere il primo ad aggiungerne!!

MARC

LEADER 00000nam a2200000 4500
001 c000498
005 20221215114149.4
020 |a 0-582-02749-7 
041 0 |a eng 
044 |a GB 
245 1 0 |a Meridian Plus 2  |b Workbook  |c Steve Elsworth 
250 |a 1. ed. 
264 1 |a Harlow  |b Longman  |c 1990 
300 |a 48 s. 
610 2 0 |a angličtina 
610 2 0 |a jazykoveda 
100 1 |a Elsworth, Steve